Famous Canadians - Picture Quiz #3 - Statistics

General Stats
  • This quiz has been taken 305 times
  • The average score is 9 of 15
Answer Stats
Picture Answer % Correct
Justin Bieber
97%
Celine Dion
93%
Ryan Reynolds
89%
Pamela Anderson
85%
Seth Rogan
76%
Mike Myers
72%
Wayne Gretzky
65%
Neil Young
63%
Dan Akroyd
56%
Ellen Page
52%
Neve Campbell
38%
Christopher Plummer
33%
Anna Paquin
24%
Kevin O'Leary
23%
Jason Priestley
18%
No matching quizzes found
Score Distribution
Percent of People with Each Score
Percentile by Number Answered
Your Score History
You have not taken this quiz